[Event "45th IT Bosna 2015"]
[Site "Sarajevo"]
[Date "2015.06.02"]
[Round "5.37"]
[White "Becirbasic, Atif"]
[Black "Mestrovic, Zvonimir"]
[Result "0-1"]
[WhiteElo "1843"]
[BlackElo "2278"]
[PlyCount "64"]
[EventDate "2015.05.30"]

1. d4 Nc6 2. e4 e5 3. d5 Nce7 4. h4 Nf6 5. Nc3 d6 6. Bg5 Neg8 7. Bb5+ Bd7 8.
Qe2 Be7 9. O-O-O a6 10. Bxd7+ Nxd7 11. Bxe7 Nxe7 12. h5 b5 13. Qe3 b4 14. Nce2
f5 15. f3 h6 16. g4 fxg4 17. fxg4 Nf6 18. Nh3 Qd7 19. Rdg1 Qa4 20. Kb1 b3 21.
axb3 Qxe4 22. Qxe4 Nxe4 23. c4 Rf8 24. Kc2 Kd7 25. Rf1 c6 26. Nc3 cxd5 27. Nxd5
Nxd5 28. cxd5 Rac8+ 29. Kd3 Nf6 30. Ra1 Nxd5 31. Ra5 Ke6 32. g5 Rf3+ 0-1

[Event "45th IT Bosna 2015"]
[Site "Sarajevo"]
[Date "2015.06.02"]
[Round "5.38"]
[White "Bryn, Askild"]
[Black "Hadzialic, Benjamin"]
[Result "1/2-1/2"]
[WhiteElo "2071"]
[BlackElo "1924"]
[PlyCount "36"]
[EventDate "2015.05.30"]

1. e4 c5 2. Nc3 d6 3. f4 Nc6 4. Nf3 Nf6 5. Bb5 Bd7 6. Bxc6 Bxc6 7. d3 Qb6 8.
O-O e6 9. Qe1 Be7 10. e5 Nd7 11. exd6 Bxd6 12. f5 O-O-O 13. fxe6 fxe6 14. Ng5
c4+ 15. Kh1 Ne5 16. Nxe6 Rde8 17. d4 Rxe6 18. d5 Rg6 1/2-1/2

[Event "45th IT Bosna 2015"]
[Site "Sarajevo"]
[Date "2015.06.02"]
[Round "5.40"]
[White "Miladinovic, Zlatko"]
[Black "Markovic, Dino"]
[Result "1/2-1/2"]
[WhiteElo "2029"]
[BlackElo "1905"]
[PlyCount "113"]
[EventDate "2015.05.30"]

1. d4 Nf6 2. Nf3 e6 3. Bg5 d5 4. e3 c6 5. Nbd2 Nbd7 6. Bd3 Bd6 7. O-O O-O 8. e4
dxe4 9. Nxe4 Be7 10. Ng3 b6 11. c4 Bb7 12. Qc2 h6 13. Bf4 c5 14. Ne4 cxd4 15.
Rad1 Bxe4 16. Bxe4 Nxe4 17. Qxe4 Nf6 18. Qxd4 Qxd4 19. Rxd4 Bc5 20. Rd3 Rfd8
21. Rfd1 Be7 22. Ne5 Rxd3 23. Rxd3 Rc8 24. b3 a6 25. Kf1 Kf8 26. Nd7+ Nxd7 27.
Rxd7 g5 28. Be3 b5 29. cxb5 axb5 30. h4 b4 31. Ke2 Ra8 32. Rd2 Kg7 33. hxg5
hxg5 34. g4 Kg6 35. Rc2 Ra6 36. Kf3 Bd6 37. Bd2 f5 38. Be1 Kf6 39. Bd2 Kg6 40.
Be1 Kf6 41. Bd2 Kg6 42. Bc1 Kf6 43. Be3 Kg6 44. Bd4 e5 45. gxf5+ Kxf5 46. Be3
g4+ 47. Ke2 e4 48. Kf1 g3 49. fxg3 Bxg3 50. Rg2 Be5 51. Rf2+ Kg4 52. Bc5 Bg3
53. Re2 Kf3 54. Re3+ Kf4 55. Re2 Kf3 56. Re3+ Kf4 57. Re2 1/2-1/2

[Event "45th IT Bosna 2015"]
[Site "Sarajevo"]
[Date "2015.06.02"]
[Round "5.42"]
[White "Popic, Boris"]
[Black "Smaka, Faruk"]
[Result "1-0"]
[WhiteElo "2009"]
[BlackElo "1827"]
[PlyCount "147"]
[EventDate "2015.05.30"]

1. d4 d5 2. c4 e6 3. Nc3 Nf6 4. Bg5 Be7 5. Nf3 O-O 6. e3 c6 7. Bd3 dxc4 8. Bxc4
Nd5 9. Bxe7 Qxe7 10. O-O Nd7 11. Re1 Qb4 12. Bxd5 exd5 13. Qd2 Re8 14. Rac1 Nb6
15. b3 Bf5 16. Nh4 Bg4 17. Qd3 Qe7 18. Nf5 Bxf5 19. Qxf5 Qe6 20. Qf4 f5 21. f3
Rf8 22. Kf2 Rae8 23. h4 Rf7 24. Rh1 Nd7 25. Rce1 Nf6 26. h5 a6 27. Na4 h6 28.
Nc5 Qc8 29. Nd3 Qe6 30. Ne5 Rff8 31. b4 Ng4+ 32. Nxg4 fxg4 33. Qg3 gxf3 34.
gxf3 Rf7 35. Rhg1 Ref8 36. f4 Qf5 37. Qg6 Kh8 38. Rg3 Qxg6 39. Rxg6 Rf5 40. Rh1
R8f6 41. Rxf6 Rxf6 42. Kf3 Kg8 43. Kg4 Re6 44. Rh3 Kf7 45. Kf3 Kf6 46. Rg3 Kf7
47. Rg1 Re7 48. Rg6 Re4 49. Rd6 Ke7 50. Rg6 Kf7 51. Rg3 Kf6 52. a4 Re7 53. Rg6+
Kf7 54. b5 cxb5 55. axb5 a5 56. Rd6 a4 57. b6 Ke8 58. Rxd5 Re6 59. Ra5 Rxb6 60.
Rxa4 Rb1 61. Ra7 Kd8 62. d5 Kc8 63. e4 Kb8 64. Ra2 Kc7 65. Rg2 b5 66. e5 b4 67.
Rxg7+ Kc8 68. Rg8+ Kb7 69. e6 Re1 70. Rg2 Kb6 71. Re2 Rf1+ 72. Kg2 Rxf4 73. e7
Rg4+ 74. Kf3 1-0

[Event "45th IT Bosna 2015"]
[Site "Sarajevo"]
[Date "2015.06.02"]
[Round "5.44"]
[White "Alic, Amir"]
[Black "Nestorovic, Katarina"]
[Result "1-0"]
[WhiteElo "1964"]
[BlackElo "1764"]
[PlyCount "73"]
[EventDate "2015.05.30"]

1. d4 Nf6 2. c4 e6 3. Nc3 Bb4 4. e3 b6 5. Bd2 Bxc3 6. Bxc3 Bb7 7. f3 d5 8. Nh3
Nh5 9. c5 a5 10. Qd2 O-O 11. O-O-O Nd7 12. g4 Nhf6 13. cxb6 cxb6 14. Bd3 Bc6
15. Nf4 b5 16. Qg2 b4 17. Bd2 e5 18. g5 exf4 19. gxf6 Qxf6 20. Qh3 h6 21. Rhg1
Kh8 22. Rg4 fxe3 23. Bxe3 Qe6 24. Re1 Nf6 25. Bd2 Qc8 26. Bxh6 Bd7+ 27. Kd2
Bxg4 28. Qh4 Bf5 29. Bxg7+ Kxg7 30. Qg5+ Bg6 31. Re7 Ra6 32. Qxg6+ Kh8 33. Qh6+
Kg8 34. Qg5+ Kh8 35. Qh4+ Kg7 36. Re5 Re8 37. Qg5+ 1-0

[Event "45th IT Bosna 2015"]
[Site "Sarajevo"]
[Date "2015.06.02"]
[Round "5.45"]
[White "Johnen, Franz"]
[Black "Selimovic, Amir"]
[Result "0-1"]
[WhiteElo "1717"]
[BlackElo "1936"]
[PlyCount "94"]
[EventDate "2015.05.30"]

1. d4 d5 2. Nf3 Nf6 3. e3 c6 4. Be2 Bf5 5. O-O e6 6. c4 Be7 7. Nc3 O-O 8. Bd2
h6 9. Rc1 Nbd7 10. Qb3 Qb8 11. h3 Ne4 12. cxd5 Nxd2 13. Nxd2 exd5 14. Nf3 Qd6
15. a3 Rab8 16. Qa2 Qg6 17. Kh1 Qe6 18. Ng1 Bd6 19. Bf3 Nf6 20. b4 g5 21. Qe2
Kg7 22. g4 Bc7 23. Bg2 Nxg4 24. hxg4 Bxg4 25. f3 Qd6 26. Bh3 Bh5 27. Qg2 f5 28.
f4 g4 29. Qg3 Kh7 30. Bg2 Bg6 31. Rc2 h5 32. Rfc1 h4 33. Qxh4+ Kg7 34. Qg3 Rh8+
35. Nh3 Bd8 36. Kg1 Bh4 37. Qh2 gxh3 38. Bxh3 Kf6 39. Rg2 Qe6 40. Nd1 Rbg8 41.
Rc3 Qe4 42. Rcc2 Kf7 43. b5 Bh5 44. Bxf5 Qxf5 45. Rxg8 Rxg8+ 46. Rg2 Rxg2+ 47.
Kxg2 Qc2+ 0-1

[Event "45th IT Bosna 2015"]
[Site "Sarajevo"]
[Date "2015.06.02"]
[Round "5.46"]
[White "Oputic, Mirsad"]
[Black "Maksimovic, Masa"]
[Result "1/2-1/2"]
[WhiteElo "1930"]
[BlackElo "1702"]
[PlyCount "97"]
[EventDate "2015.05.30"]

1. e4 c5 2. c4 Nc6 3. Nc3 g6 4. d3 Bg7 5. Be3 d6 6. Be2 e5 7. Qd2 Nge7 8. g4
Nd4 9. h4 Nxe2 10. Qxe2 Nc6 11. h5 Nd4 12. Bxd4 cxd4 13. Nd5 Be6 14. f3 Bxd5
15. exd5 Qe7 16. Qd2 O-O-O 17. O-O-O Bf6 18. Kb1 Bg5 19. Qg2 Be3 20. Ne2 Kb8
21. Rdf1 Qg5 22. Qh2 f5 23. f4 Bxf4 24. Nxf4 exf4 25. gxf5 Qxf5 26. Rxf4 Qxd3+
27. Qc2 Qe3 28. Qe4 Rhf8 29. Rfh4 Rde8 30. Qxd4 Qe2 31. hxg6 hxg6 32. Rh8 Rxh8
33. Rxh8 Rxh8 34. Qxh8+ Kc7 35. Qg7+ Kb6 36. Qd4+ Kc7 37. c5 Qf1+ 38. Kc2 Qe2+
39. Kc1 Qe1+ 40. Kc2 Qe2+ 41. Kc3 Qe1+ 42. Kb3 Qe5 43. Qxe5 dxe5 44. Kc4 g5 45.
Kd3 a5 46. Ke4 g4 47. a3 a4 48. Ke3 Kd7 49. Ke4 1/2-1/2

[Event "45th IT Bosna 2015"]
[Site "Sarajevo"]
[Date "2015.06.02"]
[Round "5.47"]
[White "Dedic, Nedzad"]
[Black "Celik, Eda"]
[Result "1-0"]
[WhiteElo "1927"]
[BlackElo "1615"]
[PlyCount "97"]
[EventDate "2015.05.30"]

1. e4 e5 2. f4 d5 3. exd5 exf4 4. Bb5+ c6 5. dxc6 bxc6 6. Qf3 Bd7 7. Bc4 Bd6 8.
Ne2 Nf6 9. Nxf4 O-O 10. O-O Bg4 11. Qb3 Bc5+ 12. Kh1 Nbd7 13. c3 Rb8 14. Qc2
Ne5 15. Bb3 Ng6 16. Nxg6 hxg6 17. d4 Be7 18. Bf4 Rb6 19. Nd2 Nd5 20. Nc4 Rb7
21. Qf2 Nxf4 22. Qxf4 Be6 23. Rf2 c5 24. Rd1 Bd5 25. Qd2 Bh4 26. Rff1 Rd7 27.
Ne5 Rd6 28. Bxd5 Rxd5 29. Nf3 Bf6 30. c4 Rd7 31. d5 Re8 32. Rde1 Rxe1 33. Rxe1
Rb7 34. b3 a5 35. g3 a4 36. Re3 axb3 37. axb3 Qb8 38. Qd3 Qa7 39. Kg2 Qa2+ 40.
Kh3 Rd7 41. Qe2 Qb1 42. g4 Kh7 43. Kg2 Qa1 44. h4 Bd4 45. Ng5+ Kh6 46. Qe1 Qb2+
47. Re2 Qxb3 48. Re8 Qc2+ 49. Kh1 1-0

[Event "45th IT Bosna 2015"]
[Site "Sarajevo"]
[Date "2015.06.02"]
[Round "5.48"]
[White "Arda, Cagil Irmak"]
[Black "Karup, Edin"]
[Result "1-0"]
[WhiteElo "1822"]
[BlackElo "2156"]
[PlyCount "75"]
[EventDate "2015.05.30"]

1. e4 c5 2. Nf3 d6 3. d4 cxd4 4. Nxd4 Nf6 5. f3 g6 6. c4 Qb6 7. Nc3 Nc6 8. Be3
Be6 9. Qd2 Qa5 10. Be2 Bg7 11. O-O O-O 12. Rfd1 Rfc8 13. b3 Qh5 14. Rac1 a6 15.
Na4 Nd7 16. Nxe6 fxe6 17. f4 Qh4 18. g3 Qh3 19. Bf1 Qh5 20. Be2 Qh3 21. Bf1 Qh6
22. e5 g5 23. exd6 gxf4 24. Bxf4 Qf6 25. dxe7 Nd4 26. Bg2 b5 27. Be3 Nf3+ 28.
Bxf3 Qxf3 29. Nb6 Nxb6 30. Qd8+ Rxd8 31. Rxd8+ Bf8 32. exf8=Q+ Qxf8 33. Rxf8+
Kxf8 34. Bxb6 Rc8 35. c5 Rc6 36. Rd1 Ke7 37. Kf2 e5 38. Ke3 1-0

[Event "45th IT Bosna 2015"]
[Site "Sarajevo"]
[Date "2015.06.02"]
[Round "5.49"]
[White "Colpa, Fahrudin"]
[Black "Janjic, Nikola"]
[Result "1-0"]
[WhiteElo "1978"]
[BlackElo "1831"]
[PlyCount "103"]
[EventDate "2015.05.30"]

1. e4 e5 2. Nc3 Nf6 3. d4 exd4 4. Qxd4 Nc6 5. Qa4 d6 6. Bg5 Be7 7. O-O-O Bd7 8.
f4 O-O 9. Qb3 h6 10. Bh4 Ng4 11. Bg3 Ne3 12. Re1 Nxf1 13. Rxf1 Na5 14. Qd5 c6
15. Qd3 Be6 16. Nge2 Bf6 17. Rd1 Qb6 18. b3 Qb4 19. Nb1 Bc4 20. Qd2 Qxd2+ 21.
Rxd2 Bxe2 22. Rxe2 b6 23. Rd1 Nb7 24. Nd2 Rad8 25. Nf3 Rfe8 26. f5 Nc5 27. Nd2
Bg5 28. Rde1 Re7 29. Kd1 Bxd2 30. Kxd2 d5 31. e5 Ne4+ 32. Kd3 Nxg3 33. hxg3 c5
34. a4 a5 35. e6 f6 36. g4 Kf8 37. g3 Rd6 38. Ke3 Ke8 39. Rd2 d4+ 40. Ke4 Rc7
41. c3 g6 42. cxd4 h5 43. d5 hxg4 44. fxg6 c4 45. Rc1 c3 46. Rd3 c2 47. Rd2 Rc5
48. Rcxc2 Rdxd5 49. Rxd5 Rxc2 50. Rd7 Rc5 51. g7 Rg5 52. Rb7 1-0

[Event "45th IT Bosna 2015"]
[Site "Sarajevo"]
[Date "2015.06.02"]
[Round "5.50"]
[White "Okuyaz, Duru"]
[Black "Maksimovic, Bojan"]
[Result "1/2-1/2"]
[WhiteElo "1835"]
[BlackElo "1891"]
[PlyCount "94"]
[EventDate "2015.05.30"]

1. e4 c5 2. Nf3 Nc6 3. d4 cxd4 4. Nxd4 d6 5. c4 Nf6 6. Nc3 g6 7. Be2 Bg7 8. Be3
O-O 9. O-O Bd7 10. Rc1 Rc8 11. Qd2 Ne5 12. b3 Neg4 13. h3 Nxe3 14. Qxe3 Qb6 15.
Rfd1 Rfe8 16. a3 h5 17. b4 Kh7 18. Rb1 Bh6 19. Qd3 Qd8 20. Nd5 Bg7 21. Nxf6+
Bxf6 22. Nc2 Ba4 23. Bxh5 b5 24. c5 dxc5 25. Qe2 Qb6 26. Bg4 Rc7 27. Rdc1 Bxc2
28. Rxc2 cxb4 29. Rxc7 Qxc7 30. axb4 Qc4 31. e5 Qxe2 32. Bxe2 Bxe5 33. Bxb5 Rd8
34. Bc6 Bd4 35. Re1 e5 36. b5 f5 37. Kf1 Kg7 38. g3 Kf6 39. Kg2 g5 40. Rc1 Bb6
41. Rc2 e4 42. g4 fxg4 43. hxg4 Ke5 44. Re2 Rd4 45. f3 e3 46. Rxe3+ Kf4 47. Re2
Rb4 1/2-1/2

[Event "45th IT Bosna 2015"]
[Site "Sarajevo"]
[Date "2015.06.02"]
[Round "5.51"]
[White "Fejzic, Edo"]
[Black "Rozic, Slaven"]
[Result "0-1"]
[WhiteElo "1690"]
[BlackElo "1891"]
[PlyCount "60"]
[EventDate "2015.05.30"]

1. e4 c5 2. Nf3 g6 3. d4 cxd4 4. Nxd4 Nc6 5. Be3 Nf6 6. Nc3 Bg7 7. Qd2 Ng4 8.
Nxc6 dxc6 9. Qxd8+ Kxd8 10. O-O-O+ Bd7 11. Bc4 Nxe3 12. fxe3 e6 13. Rhf1 Rf8
14. Rd3 Ke7 15. Ne2 b5 16. Rxd7+ Kxd7 17. Rd1+ Kc7 18. Bb3 c5 19. a3 Rad8 20.
Rxd8 Rxd8 21. h4 Bh6 22. Nf4 Bxf4 23. exf4 c4 24. Ba2 Rd4 25. g3 Rxe4 26. Kd2
Rd4+ 27. Kc3 Rd1 28. Bxc4 bxc4 29. Kxc4 Rg1 30. b4 Rxg3 0-1

[Event "45th IT Bosna 2015"]
[Site "Sarajevo"]
[Date "2015.06.02"]
[Round "5.52"]
[White "Krug, Franz-Dieter"]
[Black "Gavranovic, Tahir"]
[Result "0-1"]
[WhiteElo "1639"]
[BlackElo "1889"]
[PlyCount "80"]
[EventDate "2015.05.30"]

1. d4 g6 2. c4 Bg7 3. Nf3 c5 4. e3 Nf6 5. Nc3 Na6 6. Bd2 d6 7. a3 O-O 8. Bd3
Nc7 9. d5 b5 10. cxb5 Nfxd5 11. Nxd5 Nxd5 12. Qb3 Nb6 13. a4 Be6 14. Qc2 Rc8
15. Bc3 Nd5 16. Bxg7 Kxg7 17. O-O f6 18. Qe2 Nb4 19. Nd2 d5 20. b3 Qd6 21. Rfc1
Rfd8 22. h4 h5 23. f4 Bg4 24. Qf1 c4 25. Be2 Qb6 26. Qf2 Bxe2 27. Qxe2 Nd3 28.
Rf1 f5 29. Rf3 e5 30. fxe5 Nxe5 31. Rf4 Ng4 32. Nf1 Re8 33. Re1 Re4 34. Rxe4
fxe4 35. bxc4 Rxc4 36. Qb2+ Kh6 37. Qa3 Qf6 38. Re2 Rc3 39. Qb2 d4 40. Rc2 Rxc2
0-1

[Event "45th IT Bosna 2015"]
[Site "Sarajevo"]
[Date "2015.06.02"]
[Round "5.53"]
[White "Mahmutbegovic, Muharem"]
[Black "Pleh, Semir"]
[Result "0-1"]
[WhiteElo "1856"]
[BlackElo "1688"]
[PlyCount "136"]
[EventDate "2015.05.30"]

1. e4 d6 2. d4 g6 3. Bc4 Bg7 4. Nf3 Nc6 5. Be3 Nf6 6. Nc3 a6 7. h3 b5 8. Bd3
Bb7 9. Qd2 Nb4 10. Be2 Nc6 11. d5 Nb8 12. a3 c6 13. Bh6 Bxh6 14. Qxh6 cxd5 15.
exd5 Nxd5 16. Qg7 Rf8 17. Ng5 Nf6 18. O-O h6 19. Rfe1 hxg5 20. Qxf6 Nd7 21.
Qxg5 e6 22. Qg3 Qb6 23. Bf3 O-O-O 24. Bxb7+ Kxb7 25. Ne4 Nc5 26. Ng5 Qc7 27.
Qf3+ d5 28. Rad1 Kb8 29. b3 Nb7 30. Qd3 Qf4 31. Nf3 Nc5 32. Qd4 Qc7 33. Ne5 Rc8
34. Qf4 Kb7 35. f3 Nd7 36. Rc1 Nxe5 37. Qxe5 Qc5+ 38. Kh2 Qxa3 39. Ra1 Qc5 40.
Qg7 Qd6+ 41. Kh1 Rxc2 42. Rxe6 Qxe6 43. Qxf8 Rc8 44. Qg7 Rc6 45. Qd4 f6 46. Rd1
Rd6 47. Qc5 Qe5 48. Rc1 Qe6 49. Qc7+ Ka8 50. b4 Qd7 51. Kg1 Qxc7 52. Rxc7 Kb8
53. Rc5 Kb7 54. Kf2 Kb6 55. Ke3 d4+ 56. Kd3 a5 57. Rc1 axb4 58. Rb1 Kc5 59.
Rc1+ Kd5 60. Rb1 Rc6 61. Rxb4 Rc3+ 62. Kd2 Kc5 63. Rb1 Kc4 64. h4 b4 65. Re1 b3
66. Re8 Rc2+ 67. Kd1 Rxg2 68. Rc8+ Kd3 0-1

[Event "45th IT Bosna 2015"]
[Site "Sarajevo"]
[Date "2015.06.02"]
[Round "5.57"]
[White "Strinic, Hamdija"]
[Black "Can, Isil"]
[Result "0-1"]
[WhiteElo "1690"]
[BlackElo "1692"]
[PlyCount "38"]
[EventDate "2015.05.30"]

1. e4 e5 2. g3 Nf6 3. Bg2 Bc5 4. Ne2 Nc6 5. O-O O-O 6. d3 d6 7. c3 Bg4 8. b4
Bb6 9. b5 Ne7 10. Kh1 h6 11. Be3 Qd7 12. Bxb6 axb6 13. f4 exf4 14. gxf4 Qxb5
15. h3 Qh5 16. Rf2 Bxh3 17. Bf3 Bg4+ 18. Kg2 Qh3+ 19. Kg1 Bxf3 0-1

[Event "45th IT Bosna 2015"]
[Site "Sarajevo"]
[Date "2015.06.02"]
[Round "5.58"]
[White "Hamzic, Adil"]
[Black "Arda, Dogasu"]
[Result "0-1"]
[WhiteElo "1823"]
[BlackElo "1529"]
[PlyCount "82"]
[EventDate "2015.05.30"]

1. e4 e5 2. Nf3 Nc6 3. Bb5 a6 4. Ba4 d6 5. h3 Nf6 6. d3 h6 7. c3 b5 8. Bc2 d5
9. exd5 Nxd5 10. O-O Bd6 11. Re1 O-O 12. d4 exd4 13. Qd3 Nf6 14. Nxd4 Nxd4 15.
cxd4 Bb7 16. Nc3 c5 17. Ne4 Bxe4 18. Rxe4 Nxe4 19. Qxe4 f5 20. Qe6+ Kh8 21. Kf1
Qf6 22. Qxf6 Rxf6 23. dxc5 Bxc5 24. Bd2 Rc8 25. Bc3 Rf7 26. Bb3 Rfc7 27. Be6
Re8 28. Bd5 b4 29. Be1 a5 30. b3 Bd4 31. Rd1 Bc3 32. Bc4 Rxe1+ 33. Rxe1 Bxe1
34. Kxe1 Rd7 35. Ke2 f4 36. h4 g6 37. Kf3 Rd2 38. g3 fxg3 39. fxg3 Rxa2 40. Bb5
Ra3 41. Ba4 Rxa4 0-1

[Event "45th IT Bosna 2015"]
[Site "Sarajevo"]
[Date "2015.06.02"]
[Round "5.59"]
[White "Demic, Aleksandar"]
[Black "Lakota, Izet"]
[Result "1-0"]
[WhiteElo "1673"]
[BlackElo "1790"]
[PlyCount "53"]
[EventDate "2015.05.30"]

1. e4 d5 2. exd5 Qxd5 3. d4 g6 4. c4 Qd8 5. Nf3 Bg7 6. g3 Bg4 7. h3 Bf5 8. Bg2
Be4 9. O-O c6 10. Qb3 Qc8 11. Nc3 Bxf3 12. Bxf3 Bxd4 13. Bf4 Nd7 14. Rad1 Bg7
15. Rfe1 Nh6 16. Qb4 e6 17. Ne4 Bf8 18. Qc3 f5 19. Qxh8 Nf7 20. Nd6+ Nxd6 21.
Bxd6 Kf7 22. Qxh7+ Bg7 23. Rxe6 Kxe6 24. Qxg7 Qd8 25. Qxg6+ Qf6 26. Qxf6+ Nxf6
27. Bf4 1-0

[Event "45th IT Bosna 2015"]
[Site "Sarajevo"]
[Date "2015.06.02"]
[Round "6.1"]
[White "Djoric, Dusan"]
[Black "Stevic, Hrvoje"]
[Result "0-1"]
[WhiteElo "2268"]
[BlackElo "2596"]
[PlyCount "91"]
[EventDate "2015.05.30"]

1. d4 Nc6 2. Nf3 d5 3. c4 Bg4 4. e3 e6 5. Be2 dxc4 6. Bxc4 Nf6 7. O-O Bd6 8.
Be2 O-O 9. Nbd2 e5 10. dxe5 Nxe5 11. Nxe5 Bxe2 12. Qxe2 Bxe5 13. Nc4 Qe7 14.
Bd2 Ne4 15. Nxe5 Qxe5 16. f3 Nxd2 17. Qxd2 Rad8 18. Qe2 Rd6 19. Rad1 Rfd8 20.
Rxd6 Rxd6 21. g3 h6 22. e4 Qa5 23. Rd1 Qb6+ 24. Kf1 Rxd1+ 25. Qxd1 Qxb2 26.
Qd8+ Kh7 27. Qd5 Qf6 28. e5 Qa6+ 29. Kg2 Qe6 30. Qe4+ g6 31. g4 Qxa2+ 32. Kg3
b5 33. f4 Qb3+ 34. Kf2 Qc4 35. Qxc4 bxc4 36. Ke3 c5 37. Kd2 a5 38. Kc3 a4 39.
Kxc4 Kg7 40. f5 g5 41. Kc3 Kf8 42. Kc4 Ke7 43. Kc3 Kd7 44. Kc4 Kc6 45. Kc3 Kd5
46. h3 0-1

[Event "45th IT Bosna 2015"]
[Site "Sarajevo"]
[Date "2015.06.02"]
[Round "6.3"]
[White "Markus, Robert"]
[Black "Kadric, Denis"]
[Result "1/2-1/2"]
[WhiteElo "2628"]
[BlackElo "2493"]
[PlyCount "59"]
[EventDate "2015.05.30"]

1. d4 g6 2. Nf3 Bg7 3. g3 d5 4. Bg2 Nf6 5. O-O O-O 6. c4 c6 7. Nbd2 Bf5 8. b3
a5 9. Bb2 a4 10. h3 Ne4 11. bxa4 Nxd2 12. Nxd2 Qb6 13. Qb3 Bxd4 14. Bxd4 Qxd4
15. Rfd1 Be6 16. cxd5 cxd5 17. Qxb7 Ra7 18. Qb3 Rxa4 19. Nf1 Qc4 20. Ne3 Qxb3
21. axb3 Rxa1 22. Rxa1 d4 23. Nc2 Bxb3 24. Nxd4 Bc4 25. Ra4 Ba6 26. f4 Rc8 27.
Bd5 e6 28. Bb3 Rc3 29. Kf2 Kg7 30. Ra2 1/2-1/2

[Event "45th IT Bosna 2015"]
[Site "Sarajevo"]
[Date "2015.06.02"]
[Round "6.4"]
[White "Predojevic, Borki"]
[Black "Stojanovic, Dalibor"]
[Result "1/2-1/2"]
[WhiteElo "2623"]
[BlackElo "2498"]
[PlyCount "30"]
[EventDate "2015.05.30"]

1. Nf3 Nf6 2. c4 g6 3. d4 Bg7 4. g3 O-O 5. Bg2 d6 6. O-O c6 7. Nc3 Bf5 8. Bg5
Ne4 9. Nxe4 Bxe4 10. Qd2 Re8 11. Rfd1 Nd7 12. Ne1 Bxg2 13. Kxg2 c5 14. Nf3 cxd4
15. Nxd4 Qb6 1/2-1/2

[Event "45th IT Bosna 2015"]
[Site "Sarajevo"]
[Date "2015.06.02"]
[Round "6.5"]
[White "Dizdarevic, Emir"]
[Black "Popovic, Dusan"]
[Result "1/2-1/2"]
[WhiteElo "2546"]
[BlackElo "2492"]
[PlyCount "38"]
[EventDate "2015.05.30"]

1. Nf3 Nf6 2. g3 g6 3. Bg2 Bg7 4. O-O O-O 5. c4 d6 6. d4 Nc6 7. Nc3 Bf5 8. b3
e5 9. d5 Ne7 10. Ne1 Bd7 11. Bd2 Ne8 12. e4 f5 13. exf5 gxf5 14. Qc2 Ng6 15.
Rd1 f4 16. Bc1 Bf5 17. Qe2 Nf6 18. Ne4 Qd7 19. Nd3 Rae8 1/2-1/2

[Event "45th IT Bosna 2015"]
[Site "Sarajevo"]
[Date "2015.06.02"]
[Round "6.6"]
[White "Antipov, Mikhail Al"]
[Black "Ivanov, Mikhail M"]
[Result "1-0"]
[WhiteElo "2523"]
[BlackElo "2384"]
[PlyCount "93"]
[EventDate "2015.05.30"]

1. e4 g6 2. d4 Bg7 3. Nc3 d6 4. Be3 a6 5. g4 Nf6 6. h3 c5 7. dxc5 Qa5 8. Qd2
dxc5 9. e5 Nfd7 10. f4 Nb6 11. Ne4 Qxd2+ 12. Bxd2 N6d7 13. O-O-O b6 14. Bg2 Ra7
15. Bc3 O-O 16. Nf3 Bb7 17. Rhe1 Bh6 18. g5 Bg7 19. h4 b5 20. b3 Ba8 21. Nh2 h5
22. Nf1 Nb6 23. Ne3 b4 24. Bb2 N8d7 25. Rd2 Rc8 26. Red1 Rcc7 27. c4 bxc3 28.
Nxc3 Bxg2 29. Rxg2 e6 30. Ne4 c4 31. Kb1 cxb3 32. axb3 Bf8 33. Rgd2 Rab7 34.
Nd6 Bxd6 35. exd6 Rc8 36. Rc2 Rxc2 37. Kxc2 Kf8 38. Ra1 Nb8 39. Bd4 Ke8 40. Kc3
Kd7 41. b4 Nd5+ 42. Nxd5 exd5 43. Bc5 Kc6 44. Kd4 Rd7 45. Re1 a5 46. b5+ Kxb5
47. Rb1+ 1-0

[Event "45th IT Bosna 2015"]
[Site "Sarajevo"]
[Date "2015.06.02"]
[Round "6.8"]
[White "Kurajica, Bojan"]
[Black "Popovic, Zoran"]
[Result "1-0"]
[WhiteElo "2518"]
[BlackElo "2309"]
[PlyCount "157"]
[EventDate "2015.05.30"]

1. Nf3 Nf6 2. c4 g6 3. b4 Bg7 4. Bb2 O-O 5. e3 d6 6. d4 c6 7. Nbd2 a5 8. bxa5
Qxa5 9. Bd3 Na6 10. O-O Nd7 11. Qb3 Ndc5 12. dxc5 Nxc5 13. Bxg7 Nxb3 14. axb3
Kxg7 15. Rxa5 Rxa5 16. Bb1 c5 17. e4 f6 18. Bd3 Bd7 19. b4 Ra3 20. Bc2 b6 21.
bxc5 bxc5 22. Rb1 Rfa8 23. Ne1 Ra1 24. Kf1 Rxb1 25. Bxb1 Be6 26. Ke2 Ra3 27.
Nc2 Ra4 28. Ne3 Ra3 29. f4 Bd7 30. e5 f5 31. exd6 exd6 32. Bd3 Bc6 33. h3 h5
34. Bc2 Kf7 35. g4 fxg4 36. hxg4 hxg4 37. Nxg4 Rg3 38. Ne3 Rh3 39. Ne4 Rh2+ 40.
Kd3 Ke7 41. Bd1 Bxe4+ 42. Kxe4 Rd2 43. Kf3 Kf6 44. Kg4 Rd4 45. Nd5+ Kf7 46. Be2
Kg7 47. Kf3 Rd2 48. Nc3 Rb2 49. Ne4 Rb6 50. Bd3 Kf7 51. Ke3 Ra6 52. Nc3 Rb6 53.
Nb5 Kf6 54. Ke4 Ke6 55. Be2 Rb8 56. Bg4+ Ke7 57. Be2 Rf8 58. Bd3 Rf6 59. Nc7
Kd7 60. Nd5 Rf7 61. Kf3 Rg7 62. Kg4 Ke6 63. Kg5 Kf7 64. Nf6 Ke6 65. Bxg6 Ra7
66. Bf5+ Kf7 67. Be4 Ra1 68. Bd5+ Ke7 69. Ng4 Rg1 70. f5 Rg3 71. f6+ Kf8 72.
Kf4 Rg1 73. Ne3 Re1 74. Be6 Re2 75. Kf3 Re1 76. Kf2 Rh1 77. Nf5 Rh3 78. Kg2 Rd3
79. Ne7 1-0

[Event "45th IT Bosna 2015"]
[Site "Sarajevo"]
[Date "2015.06.02"]
[Round "6.9"]
[White "Vea, Odin Blikra"]
[Black "Savic, Miodrag R"]
[Result "1/2-1/2"]
[WhiteElo "2234"]
[BlackElo "2509"]
[PlyCount "50"]
[EventDate "2015.05.30"]

1. e4 d5 2. exd5 Qxd5 3. Nf3 c6 4. Be2 Nf6 5. d4 Qa5+ 6. Nbd2 Bg4 7. O-O e6 8.
Ne5 Bxe2 9. Qxe2 Be7 10. Ndc4 Qd8 11. c3 O-O 12. a4 Nbd7 13. Bg5 Nb6 14. a5
Nxc4 15. Qxc4 a6 16. Qe2 Nd5 17. Bxe7 Qxe7 18. Nd3 Nf6 19. Nc5 Rfd8 20. Rfe1
Rd5 21. b4 Qc7 22. h3 Rad8 23. Rad1 h6 24. Nd3 b6 25. axb6 Qxb6 1/2-1/2

[Event "45th IT Bosna 2015"]
[Site "Sarajevo"]
[Date "2015.06.02"]
[Round "6.10"]
[White "Szostko, Jakub"]
[Black "Nikolic, Predrag"]
[Result "0-1"]
[WhiteElo "2153"]
[BlackElo "2618"]
[PlyCount "140"]
[EventDate "2015.05.30"]

1. e4 e6 2. d4 d5 3. Nd2 a6 4. Ngf3 c5 5. exd5 exd5 6. dxc5 Bxc5 7. Bd3 Qe7+ 8.
Qe2 Bg4 9. h3 Bh5 10. O-O Qxe2 11. Bxe2 Nc6 12. Nb3 Bb6 13. c3 Nf6 14. Bf4
O-O-O 15. g4 Bg6 16. Rad1 Rhe8 17. Bd3 Bxd3 18. Rxd3 Re2 19. Rd2 Rde8 20. g5
Nh5 21. Bd6 f6 22. gxf6 Nxf6 23. Bc5 Bc7 24. Be3 Rxd2 25. Nbxd2 Nh5 26. Rd1 Nf4
27. Nf1 Nxh3+ 28. Kg2 Nf4+ 29. Bxf4 Bxf4 30. Rxd5 g6 31. N1d2 Kc7 32. a4 Rd8
33. Rxd8 Nxd8 34. Ne4 Ne6 35. Nf6 Bc1 36. b4 Nf4+ 37. Kf1 Bb2 38. Ne4 Nd5 39.
b5 axb5 40. axb5 Nxc3 41. Neg5 h6 42. Nf7 Bc1 43. N3e5 Nxb5 44. Nxg6 Nd6 45.
Nfe5 Nf5 46. Nd3 Bg5 47. f4 Bf6 48. Ke2 Kd6 49. Kf3 Nh4+ 50. Nxh4 Bxh4 51. Kg4
Be7 52. Kh5 Bf8 53. f5 b5 54. Kg6 Kd5 55. f6 Ke4 56. Nc1 b4 57. Nb3 Kf4 58. Nd4
Kg4 59. Kf7 Bd6 60. Ke6 Bc5 61. f7 h5 62. Nc6 Bf8 63. Ne5+ Kg5 64. Nd7 Bg7 65.
Nc5 h4 66. Ke7 Bh6 67. Ne6+ Kf5 68. Nd4+ Kg6 69. Ne6 b3 70. Nf4+ Kf5 0-1

[Event "45th IT Bosna 2015"]
[Site "Sarajevo"]
[Date "2015.06.02"]
[Round "6.11"]
[White "Kozarcanin, Sead"]
[Black "Kovacevic, Aleksandar"]
[Result "0-1"]
[WhiteElo "2066"]
[BlackElo "2486"]
[PlyCount "90"]
[EventDate "2015.05.30"]

1. e4 c5 2. Nc3 Nc6 3. Nge2 g6 4. g3 Bg7 5. Bg2 d6 6. d3 Rb8 7. f4 e6 8. Be3
Nd4 9. Qd2 Ne7 10. Bf2 Nxe2 11. Qxe2 O-O 12. O-O Nc6 13. Nd1 e5 14. a3 exf4 15.
gxf4 f5 16. Qd2 Be6 17. Rb1 Nd4 18. c3 Nb3 19. Qe3 Qd7 20. Bg3 Rbe8 21. Nf2 b5
22. Rbd1 d5 23. exf5 Bxf5 24. Qf3 d4 25. Qd5+ Qxd5 26. Bxd5+ Be6 27. Bc6 Rc8
28. Bxb5 dxc3 29. bxc3 Bxc3 30. Ne4 Bg7 31. Bc4 Nd4 32. Bxe6+ Nxe6 33. Nd6 Rc6
34. Nc4 Bh6 35. Rfe1 Nxf4 36. Re7 Rcf6 37. Bxf4 Bxf4 38. Kg2 R8f7 39. Rde1 Bc7
40. R1e2 Rf2+ 41. Rxf2 Rxe7 42. Rb2 Bf4 43. Kf3 g5 44. h4 Rf7 45. Kg4 gxh4 0-1